00847nam a2200229 450000500170000000800410001702000150005802000150007304000480008804100080013610000180014424500540016226000940021630000380031050000730034850400530042165000380047465000340051270000320054670000190057871000200059720220623120355.0220623s1988 nyua|||gr|||| 00| 0 eng d a0300042981 a0300043589 aCO-BoUCMbspacDeissy GarciadDeissy Garcia aeng1 aFaunce, Sarah10aCourbet reconsideredcSarah Faunce, Linda Nochlin a[Brooklyn, N.Y.]aNew HavenbBrooklyn MuseumbDistribuido por Yale University Pressc1988 a ix, 245 páginasbilustraciones aBibliografía Básica - Facultad de Creación - Pregrado en Artes aIncluye referencias bibliográficas e índices 7aRealismo en el artevExposiciones 7aArte francés vExposiciones1 aCourbet, Gustaved1819-18771 aNochlin, Linda2 aBrooklyn Museum